Nearest Major City #1 - Statistics

General Stats
  • This quiz has been taken 23,639 times
  • The average score is 10 of 20
Answer Stats
Place City % Correct
Crete Athens
91%
Machu Picchu Lima
87%
The Bosphorus Istanbul
67%
Hoover Dam Las Vegas
67%
Mt. Everest Kathmandu
60%
Denali Vancouver
54%
Mt. Kilimanjaro Nairobi
51%
Trinidad Caracas
46%
Liechtenstein Zurich
46%
Strait of Gibraltar Seville
44%
Fiji Auckland
43%
Iceland Glasgow
41%
South Pole Melbourne
41%
Sicily Tunis
41%
North Pole Helsinki
40%
Cyprus Beirut or Adana
36%
Lake Superior Minneapolis
36%
Yellowstone Salt Lake City
30%
Okinawa Taipei
28%
Lake Baikal Ulan Bator
24%
No matching quizzes found
Score Distribution
Percent of People with Each Score
Percentile by Number Answered
Your Score History
You have not taken this quiz